[Event "42. Torneo Capablanca In Memoriam-Open"]
[Site "La Habana CUB"]
[Date "2007.05.22"]
[Round "5.33"]
[White "Ibarra Chami, Luis"]
[Black "Altamirano Gonzalez, Yehudi"]
[Result "1-0"]
[WhiteElo "2325"]
[BlackElo "2138"]
[PlyCount "101"]
[EventDate "2007.05.18"]
[EventType "swiss"]
[EventRounds "9"]
[EventCountry "CUB"]
[Source "lmi"]
[SourceDate "2007.05.18"]

1. e4 c5 2. Nc3 Nc6 3. Bb5 Nd4 4. Bc4 e6 5. Nge2 a6 6. d3 b5 7. Bb3 Nxb3 8.
axb3 Bb7 9. O-O Nf6 10. Ng3 Be7 11. f4 Qc7 12. Qe2 d6 13. Bd2 Nd7 14. f5 Ne5
15. Bf4 Bf6 16. Nh5 O-O-O 17. Nxf6 gxf6 18. Bxe5 fxe5 19. fxe6 fxe6 20. Qg4 Qd7
21. Rf6 Rde8 22. Raf1 Rhg8 23. Qh5 Re7 24. Ne2 Kc7 25. Ng3 Bc8 26. Rf7 Rg7 27.
Rf8 Qc6 28. Qf3 Re8 29. Nh5 Rge7 30. g4 c4 31. bxc4 bxc4 32. Rxe8 Qxe8 33. dxc4
Qc6 34. b3 Bb7 35. Ng3 d5 36. Qf6 Qc5+ 37. Qf2 Qxf2+ 38. Rxf2 dxc4 39. h4 cxb3
40. cxb3 Rg7 41. g5 h6 42. Nh5 Rg8 43. Nf6 Rg6 44. Rg2 hxg5 45. hxg5 a5 46. Kh2
Kd6 47. Kh3 Ke7 48. Kg4 Kf8 49. Rd2 Rg7 50. Kh5 Rc7 51. Kg6 1-0

[Event "42. Torneo Capablanca In Memoriam-Open"]
[Site "La Habana CUB"]
[Date "2007.05.22"]
[Round "5.34"]
[White "Hevia, Alejano Carlos A"]
[Black "Miranda, Yerisbel"]
[Result "1-0"]
[WhiteElo "2315"]
[BlackElo "2102"]
[PlyCount "57"]
[EventDate "2007.05.18"]
[EventType "swiss"]
[EventRounds "9"]
[EventCountry "CUB"]
[Source "lmi"]
[SourceDate "2007.05.18"]

1. d4 d5 2. Nf3 Nf6 3. c4 c6 4. e3 e6 5. Bd3 Nbd7 6. b3 Bd6 7. Bb2 O-O 8. O-O
Ne4 9. Nbd2 f5 10. Ne5 Bxe5 11. dxe5 Qa5 12. Nxe4 fxe4 13. Bc2 b5 14. cxd5 cxd5
15. f3 b4 16. fxe4 Rxf1+ 17. Qxf1 Ba6 18. Qd1 Rf8 19. exd5 Rf1+ 20. Qxf1 Bxf1
21. dxe6 Qd5 22. Rxf1 Qxe6 23. Bd3 Nb6 24. Bd4 h6 25. Bc5 g5 26. Bd4 Kg7 27.
Rf6 Qe7 28. Rg6+ Kf8 29. Rxh6 1-0

[Event "42. Torneo Capablanca In Memoriam-Open"]
[Site "La Habana CUB"]
[Date "2007.05.22"]
[Round "5.35"]
[White "Siebrecht, Sebastian"]
[Black "Vigoa Apecheche, Yanira"]
[Result "0-1"]
[WhiteElo "2464"]
[BlackElo "2217"]
[PlyCount "80"]
[EventDate "2007.05.18"]
[EventType "swiss"]
[EventRounds "9"]
[EventCountry "CUB"]
[Source "lmi"]
[SourceDate "2007.05.18"]

1. c4 Nf6 2. Nc3 g6 3. e4 d6 4. d4 Bg7 5. h3 O-O 6. Nf3 c6 7. Bd3 a6 8. O-O e5
9. Re1 Nbd7 10. Bg5 Qc7 11. Rc1 Nh5 12. Be3 Re8 13. Bf1 Nf8 14. b4 exd4 15.
Nxd4 Ne6 16. Nf5 Be5 17. Nh6+ Kg7 18. g3 Qe7 19. Nf5+ gxf5 20. exf5 Nxg3 21.
fxg3 Nf8 22. Qg4+ Kh8 23. Bd3 Nd7 24. Bg5 f6 25. Bh4 Rg8 26. Qh5 a5 27. b5 Nc5
28. Bb1 Bd7 29. Ne4 Nxe4 30. Bxe4 Bxg3 31. Bxg3 Rxg3+ 32. Kh1 Qg7 33. bxc6 bxc6
34. Bf3 Rg5 35. Qh4 Rg8 36. Rcd1 Bxf5 37. Rxd6 Rg1+ 38. Kh2 Rxe1 39. Qxe1 Qh6
40. Bg4 Bxg4 0-1

[Event "42. Torneo Capablanca In Memoriam-Open"]
[Site "La Habana CUB"]
[Date "2007.05.22"]
[Round "5.36"]
[White "Fernandez, Alexey"]
[Black "Diaz Hernandez, Heriberto"]
[Result "1-0"]
[WhiteElo "2414"]
[BlackElo "2167"]
[PlyCount "97"]
[EventDate "2007.05.18"]
[EventType "swiss"]
[EventRounds "9"]
[EventCountry "CUB"]
[Source "lmi"]
[SourceDate "2007.05.18"]

1. e4 e5 2. Nf3 Nc6 3. Bb5 a6 4. Ba4 Nf6 5. Bxc6 dxc6 6. d3 Bd6 7. O-O Bg4 8.
Be3 c5 9. Nbd2 Nd7 10. Kh1 Qe7 11. Qe1 h6 12. Ng1 g5 13. Nc4 Nf8 14. Bd2 Ng6
15. Ne3 Be6 16. Ne2 Qd7 17. Ng3 f6 18. Ngf5 h5 19. b4 cxb4 20. Bxb4 c5 21. Ba3
b5 22. c3 Bf8 23. Rd1 Qb7 24. f3 a5 25. Bc1 Bxa2 26. c4 Bb3 27. Rd2 Kf7 28. Rb2
a4 29. Nd5 bxc4 30. dxc4 a3 31. Rb1 a2 32. Ra1 Bxc4 33. Rf2 Qb1 34. Rfxa2 Qxa2
35. Rxa2 Bxa2 36. Qd2 Be7 37. Ndxe7 Rhd8 38. Nd5 Nf4 39. Nfe3 Rd7 40. Qc2 Nxd5
41. exd5 Bxd5 42. Qxc5 Be6 43. h3 Ra1 44. Kh2 Rb7 45. Ba3 Rbb1 46. Qe7+ Kg6 47.
Qxe6 Rh1+ 48. Kg3 Rxa3 49. Qg8+ 1-0

[Event "42. Torneo Capablanca In Memoriam-Open"]
[Site "La Habana CUB"]
[Date "2007.05.22"]
[Round "5.37"]
[White "Piña Vega, Sulennis"]
[Black "Corrales Jimenez, Zenia"]
[Result "1-0"]
[WhiteElo "2322"]
[BlackElo "2185"]
[PlyCount "79"]
[EventDate "2007.05.18"]
[EventType "swiss"]
[EventRounds "9"]
[EventCountry "CUB"]
[Source "lmi"]
[SourceDate "2007.05.18"]

1. e4 c5 2. Nf3 d6 3. d4 cxd4 4. Nxd4 Nf6 5. Nc3 g6 6. f4 Nc6 7. Nf3 Bg7 8. Bd3
O-O 9. O-O e5 10. fxe5 dxe5 11. Qe1 Nb4 12. Be3 Nxd3 13. cxd3 Qxd3 14. Rd1 Qc4
15. Nxe5 Qe6 16. Nf3 b6 17. e5 Ng4 18. Rd6 Qf5 19. Bd4 Ba6 20. h3 Nh6 21. Rf2
Qf4 22. Be3 Qb4 23. a3 Qc4 24. Rd4 Qe6 25. Rd6 Qb3 26. Nd4 Qc4 27. Rc6 Bxe5 28.
Rxc4 Bxc4 29. Qc1 Rfe8 30. Nf3 Nf5 31. Nxe5 Rxe5 32. Bf4 Re6 33. Qd2 Rae8 34.
Kh2 h5 35. Bg5 Rd6 36. Qf4 b5 37. Ne4 Rd4 38. Nf6+ Kf8 39. Bh6+ Ke7 40. Qe5+
1-0

[Event "42. Torneo Capablanca In Memoriam-Open"]
[Site "La Habana CUB"]
[Date "2007.05.22"]
[Round "5.38"]
[White "Marrero Lopez, Yaniet"]
[Black "Beltre, Pedro"]
[Result "1/2-1/2"]
[WhiteElo "2290"]
[BlackElo "1966"]
[PlyCount "129"]
[EventDate "2007.05.18"]
[EventType "swiss"]
[EventRounds "9"]
[EventCountry "CUB"]
[Source "lmi"]
[SourceDate "2007.05.18"]

1. e4 c5 2. Nf3 d6 3. c3 Nf6 4. Be2 Nc6 5. d4 cxd4 6. cxd4 Nxe4 7. d5 Qa5+ 8.
Nc3 Nxc3 9. bxc3 Nb8 10. O-O Nd7 11. Re1 g6 12. Qd4 f6 13. Rb1 a6 14. Be3 Bg7
15. Nd2 O-O 16. Nc4 Qc7 17. a4 f5 18. Qd2 f4 19. Bxf4 Bxc3 20. Qxc3 Rxf4 21.
Qe3 Rf7 22. Rec1 Qc5 23. Bg4 Qxe3 24. Nxe3 Nc5 25. Bxc8 Rxc8 26. Rxb7 Rcf8 27.
Ra7 Rxf2 28. Rxe7 Re2 29. Rf1 Rxf1+ 30. Kxf1 Ra2 31. Nc4 Rxa4 32. Nxd6 Rd4 33.
Nb7 Nxb7 34. Rxb7 Rxd5 35. Ra7 a5 36. Kf2 h5 37. h4 Rd4 38. Rxa5 Rxh4 39. Ra7
Rf4+ 40. Kg3 Rf7 41. Ra6 Kg7 42. Kh3 Rf4 43. g3 Re4 44. Kg2 Kh6 45. Ra5 Rg4 46.
Kf3 Rg5 47. Ra4 Rf5+ 48. Kg2 Kg5 49. Rb4 Re5 50. Rf4 Re3 51. Rf8 Re4 52. Kf3
Ra4 53. Rb8 Ra3+ 54. Kg2 Kg4 55. Rb4+ Kf5 56. Rb5+ Ke4 57. Rb4+ Ke3 58. Rb6
Ra2+ 59. Kg1 g5 60. Rb5 g4 61. Rxh5 Kf3 62. Rb5 Kxg3 63. Rb3+ Kh4 64. Rc3 g3
65. Rc8 1/2-1/2

[Event "42. Torneo Capablanca In Memoriam-Open"]
[Site "La Habana CUB"]
[Date "2007.05.22"]
[Round "5.39"]
[White "Linares Napoles, Oleiny"]
[Black "Llaudy Pupo, Lisandra"]
[Result "1-0"]
[WhiteElo "2241"]
[BlackElo "2245"]
[PlyCount "115"]
[EventDate "2007.05.18"]
[EventType "swiss"]
[EventRounds "9"]
[EventCountry "CUB"]
[Source "lmi"]
[SourceDate "2007.05.18"]

1. Nf3 Nf6 2. b3 b6 3. g3 Bb7 4. Bg2 e6 5. Bb2 Be7 6. c4 O-O 7. O-O c5 8. Nc3
d6 9. d4 Qc8 10. Re1 Ne4 11. d5 Nxc3 12. Bxc3 e5 13. e4 Qe8 14. Qc2 Bc8 15. Nd2
Na6 16. a3 Bd7 17. f4 f6 18. Re3 Rb8 19. Rf1 Qc8 20. Ba1 b5 21. Qd1 Nc7 22. g4
Bxg4 23. Qe1 Bd7 24. Rg3 bxc4 25. bxc4 Ne8 26. Kh1 Bd8 27. Qe3 Ba5 28. Nb3 Bb6
29. Rg1 Rb7 30. Bf1 Qd8 31. Nd2 Qe7 32. Nf3 Bc8 33. Nh4 Bd8 34. Bh3 Bxh3 35.
Rxh3 Qd7 36. Nf5 Ba5 37. fxe5 fxe5 38. Qh6 Rxf5 39. Qxh7+ Kf8 40. exf5 Qf7 41.
f6 Nxf6 42. Qf5 Ne8 43. Qg4 Rb8 44. Rh8+ Ke7 45. Qg2 Rb7 46. Rf1 Nf6 47. Qh3
Rc7 48. Qf5 Bd2 49. Bxe5 dxe5 50. Qxe5+ Kd7 51. Rf2 Bc1 52. Qc3 Qg6 53. Qh3+
Ng4 54. Rg2 Qe4 55. Qxg4+ Qxg4 56. Rxg4 Bb2 57. Rg8 Kd6 58. Rg6+ 1-0

[Event "42. Torneo Capablanca In Memoriam-Open"]
[Site "La Habana CUB"]
[Date "2007.05.22"]
[Round "5.41"]
[White "Valdes, Alejandro"]
[Black "Cardenas Ballester, Maidelin"]
[Result "1-0"]
[WhiteElo "2121"]
[BlackElo "2098"]
[PlyCount "80"]
[EventDate "2007.05.18"]
[EventType "swiss"]
[EventRounds "9"]
[EventCountry "CUB"]
[Source "lmi"]
[SourceDate "2007.05.18"]

1. e4 c5 2. Nf3 Nc6 3. Bb5 e6 4. Bxc6 dxc6 5. d3 Qc7 6. e5 Ne7 7. Bf4 h5 8. h4
Nf5 9. Nbd2 b6 10. Ne4 Ba6 11. Qd2 O-O-O 12. Qc3 Bb7 13. O-O-O Nd4 14. Rhe1 f6
15. Bg3 Qf7 16. Qa3 a6 17. Nxd4 cxd4 18. Qb3 b5 19. a4 Re8 20. exf6 gxf6 21.
Bd6 Qd7 22. Bxf8 Rhxf8 23. Qb4 Kc7 24. Nc5 Qd6 25. Qa5+ Kb8 26. Qb6 Rf7 27.
Nxa6+ Ka8 28. axb5 Bxa6 29. Qxa6+ Ra7 30. Qxc6+ Qxc6 31. bxc6 Kb8 32. Kd2 Kc7
33. Re4 e5 34. Rde1 Kxc6 35. Rxd4 Rb8 36. Rc4+ Kd5 37. b3 Ra2 38. Kc3 Rg8 39.
g3 Ra7 40. d4 Re8 1-0

[Event "42. Torneo Capablanca In Memoriam-Open"]
[Site "La Habana CUB"]
[Date "2007.05.22"]
[Round "5.42"]
[White "Infante, Brian"]
[Black "Frometa Castillo, Zirka"]
[Result "0-1"]
[WhiteElo "2114"]
[BlackElo "2164"]
[PlyCount "72"]
[EventDate "2007.05.18"]
[EventType "swiss"]
[EventRounds "9"]
[EventCountry "CUB"]
[Source "lmi"]
[SourceDate "2007.05.18"]

1. d4 d5 2. c4 e6 3. cxd5 exd5 4. Nc3 Nf6 5. Bg5 Be7 6. Qc2 h6 7. Bxf6 Bxf6 8.
e3 O-O 9. Bd3 Re8 10. Nge2 c6 11. O-O a5 12. Rae1 Na6 13. a3 Nc7 14. Ng3 Ne6
15. Nh5 Bh4 16. g3 Be7 17. f4 Nf8 18. f5 Bg5 19. Qf2 b5 20. h4 Be7 21. Qc2 Qd6
22. f6 Bxf6 23. Nxf6+ gxf6 24. Rf4 Ne6 25. Rg4+ Kh8 26. Bf5 h5 27. Rf4 Nxf4 28.
gxf4 Rg8+ 29. Kf2 Rg7 30. Rg1 Rxg1 31. Kxg1 Be6 32. Bxe6 Qxe6 33. Qe2 Rg8+ 34.
Kh2 Rg4 35. Qf2 Qf5 36. b3 Qd3 0-1

[Event "42. Torneo Capablanca In Memoriam-Open"]
[Site "La Habana CUB"]
[Date "2007.05.24"]
[Round "6.1"]
[White "Pozo Vera, Sandro"]
[Black "Hernandez Carmenates, Holden"]
[Result "1/2-1/2"]
[WhiteElo "2448"]
[BlackElo "2541"]
[PlyCount "25"]
[EventDate "2007.05.18"]
[EventType "swiss"]
[EventRounds "9"]
[EventCountry "CUB"]
[Source "lmi"]
[SourceDate "2007.05.18"]

1. Nf3 Nf6 2. d4 e6 3. c4 b6 4. Nc3 Bb4 5. Bg5 h6 6. Bh4 Bb7 7. e3 c5 8. Bd3
O-O 9. O-O Bxc3 10. bxc3 d6 11. Nd2 e5 12. d5 Nbd7 13. f4 1/2-1/2

[Event "42. Torneo Capablanca In Memoriam-Open"]
[Site "La Habana CUB"]
[Date "2007.05.24"]
[Round "6.2"]
[White "Baron Rodriguez, Jesus"]
[Black "Horvath, Csaba"]
[Result "1/2-1/2"]
[WhiteElo "2431"]
[BlackElo "2538"]
[PlyCount "26"]
[EventDate "2007.05.18"]
[EventType "swiss"]
[EventRounds "9"]
[EventCountry "CUB"]
[Source "lmi"]
[SourceDate "2007.05.18"]

1. e4 c5 2. Nf3 Nc6 3. d4 cxd4 4. Nxd4 Nf6 5. Nc3 d6 6. Bg5 e6 7. Qd2 a6 8.
O-O-O h6 9. Be3 Bd7 10. f3 b5 11. g4 Ne5 12. a3 Rb8 13. h4 Qc7 1/2-1/2

[Event "42. Torneo Capablanca In Memoriam-Open"]
[Site "La Habana CUB"]
[Date "2007.05.24"]
[Round "6.3"]
[White "Mateo, Ramon"]
[Black "Otero, Diasmany"]
[Result "1/2-1/2"]
[WhiteElo "2448"]
[BlackElo "2366"]
[PlyCount "59"]
[EventDate "2007.05.18"]
[EventType "swiss"]
[EventRounds "9"]
[EventCountry "CUB"]
[Source "lmi"]
[SourceDate "2007.05.18"]

1. d4 f5 2. Bf4 Nf6 3. e3 e6 4. c3 b6 5. Be2 Bb7 6. Bf3 d5 7. Nd2 Be7 8. Ne2
O-O 9. h3 Ne4 10. O-O Nd7 11. Bxe4 fxe4 12. a4 Bf6 13. a5 Ba6 14. c4 c5 15. Bd6
Re8 16. b4 cxb4 17. axb6 axb6 18. cxd5 exd5 19. Bxb4 Nc5 20. Bc3 Nd3 21. Qb3
Bh4 22. f3 exf3 23. Rxf3 Bg5 24. Nf4 Nxf4 25. exf4 Bf6 26. Nf1 Bc4 27. Rxa8
Bxb3 28. Rxd8 Rxd8 29. Nd2 Bc4 30. Re3 1/2-1/2

[Event "42. Torneo Capablanca In Memoriam-Open"]
[Site "La Habana CUB"]
[Date "2007.05.24"]
[Round "6.4"]
[White "Almeida Quintana, Omar"]
[Black "Leon Hoyos, Manuel"]
[Result "1-0"]
[WhiteElo "2488"]
[BlackElo "2454"]
[PlyCount "51"]
[EventDate "2007.05.18"]
[EventType "swiss"]
[EventRounds "9"]
[EventCountry "CUB"]
[Source "lmi"]
[SourceDate "2007.05.18"]

1. d4 Nf6 2. Nf3 e6 3. c4 b6 4. a3 Ba6 5. e3 d5 6. b3 Be7 7. Bd3 O-O 8. Nbd2 c5
9. Bb2 Nbd7 10. O-O Qc7 11. Rc1 dxc4 12. bxc4 Rfe8 13. Qc2 cxd4 14. exd4 Qf4
15. g3 Qc7 16. Rfe1 g6 17. Qb1 Rac8 18. Qa1 Qb8 19. d5 Nxd5 20. cxd5 Bxd3 21.
dxe6 fxe6 22. Rxe6 Rxc1+ 23. Qxc1 Bf8 24. Rxe8 Qxe8 25. Qc3 Qe2 26. Qb3+ 1-0

[Event "42. Torneo Capablanca In Memoriam-Open"]
[Site "La Habana CUB"]
[Date "2007.05.24"]
[Round "6.5"]
[White "Corrales Jimenez, Fidel"]
[Black "Gomez Garrido, Camilo"]
[Result "1-0"]
[WhiteElo "2479"]
[BlackElo "2413"]
[PlyCount "77"]
[EventDate "2007.05.18"]
[EventType "swiss"]
[EventRounds "9"]
[EventCountry "CUB"]
[Source "lmi"]
[SourceDate "2007.05.18"]

1. e4 c5 2. Nf3 d6 3. d4 cxd4 4. Nxd4 Nf6 5. Nc3 a6 6. Be3 e5 7. Nf3 Qc7 8. a4
h6 9. a5 Be6 10. Nd5 Bxd5 11. exd5 Nbd7 12. c4 g6 13. Be2 Bg7 14. O-O O-O 15.
Nd2 Nh7 16. b4 f5 17. Rc1 Rac8 18. f3 Qd8 19. c5 dxc5 20. bxc5 Qxa5 21. Nc4 Qd8
22. c6 Ndf6 23. Nb6 Rc7 24. cxb7 f4 25. d6 Rxb7 26. Rc8 fxe3 27. Rxd8 Rxd8 28.
Nc4 Bf8 29. Qd3 Kh8 30. Rd1 g5 31. Qg6 Rg7 32. Qf5 a5 33. Nxe5 Rxd6 34. Rxd6
Bxd6 35. Ng6+ Rxg6 36. Qxg6 Bf8 37. Bb5 Nd5 38. Qf7 Nf4 39. Bc4 1-0

[Event "42. Torneo Capablanca In Memoriam-Open"]
[Site "La Habana CUB"]
[Date "2007.05.24"]
[Round "6.6"]
[White "Guerra Mendez, Jose Angel"]
[Black "De La Paz Perdomo, Frank"]
[Result "1-0"]
[WhiteElo "2399"]
[BlackElo "2474"]
[PlyCount "65"]
[EventDate "2007.05.18"]
[EventType "swiss"]
[EventRounds "9"]
[EventCountry "CUB"]
[Source "lmi"]
[SourceDate "2007.05.18"]

1. e4 e5 2. Nf3 d6 3. d4 exd4 4. Nxd4 Nf6 5. Nc3 Be7 6. g3 O-O 7. Bg2 Re8 8.
O-O Na6 9. h3 Bf8 10. Re1 Nc5 11. a4 a5 12. g4 g6 13. Bf4 Bg7 14. Qd2 h5 15. g5
Nh7 16. h4 f6 17. Be3 fxg5 18. hxg5 Bxd4 19. Bxd4 Nxg5 20. Nd5 Nd7 21. Nxc7
Qxc7 22. Qxg5 Nf8 23. Qf6 Qh7 24. Qxd6 h4 25. Kh2 Ne6 26. Bf6 Ra6 27. Qd5 Qh6
28. e5 Rc6 29. Re4 g5 30. Rg4 Rc5 31. Rxg5+ Kf7 32. Qf3 Rf8 33. Bg7+ 1-0

[Event "42. Torneo Capablanca In Memoriam-Open"]
[Site "La Habana CUB"]
[Date "2007.05.24"]
[Round "6.7"]
[White "Colovic, Aleksandar"]
[Black "Leyva Proenza, Ricardo"]
[Result "1-0"]
[WhiteElo "2463"]
[BlackElo "2360"]
[PlyCount "55"]
[EventDate "2007.05.18"]
[EventType "swiss"]
[EventRounds "9"]
[EventCountry "CUB"]
[Source "lmi"]
[SourceDate "2007.05.18"]

1. c4 e6 2. g3 d5 3. Nf3 g6 4. d4 Bg7 5. Bg2 Ne7 6. O-O O-O 7. Qc2 b6 8. Rd1
Ba6 9. b3 Nd7 10. Bb2 Rc8 11. Nbd2 c5 12. dxc5 Bxb2 13. Qxb2 Rxc5 14. Rac1 Qb8
15. e4 dxc4 16. Nxc4 Qc7 17. Qd2 Nf6 18. e5 Nfd5 19. Nd6 Kg7 20. Rxc5 Qxc5 21.
Rc1 Qa3 22. Ng5 h6 23. Bxd5 Nxd5 24. Nge4 Bd3 25. Nc3 Nxc3 26. Rxc3 Bb1 27. Qf4
Qxa2 28. Qf6+ 1-0

[Event "42. Torneo Capablanca In Memoriam-Open"]
[Site "La Habana CUB"]
[Date "2007.05.24"]
[Round "6.8"]
[White "Iturrizaga, Eduardo"]
[Black "Abreu Delgado, Aryam"]
[Result "1/2-1/2"]
[WhiteElo "2398"]
[BlackElo "2498"]
[PlyCount "45"]
[EventDate "2007.05.18"]
[EventType "swiss"]
[EventRounds "9"]
[EventCountry "CUB"]
[Source "lmi"]
[SourceDate "2007.05.18"]

1. d4 d5 2. c4 dxc4 3. Nf3 Nf6 4. Qa4+ c6 5. Qxc4 Bf5 6. g3 e6 7. Bg2 Nbd7 8.
O-O Be7 9. Nc3 O-O 10. Re1 b5 11. Qb3 b4 12. Na4 Be4 13. Bd2 a5 14. Rac1 Rc8
15. Qe3 Qc7 16. Ne5 Bxg2 17. Nxd7 Nxd7 18. Kxg2 c5 19. Nxc5 Nxc5 20. dxc5 Bxc5
21. Qe4 Qb6 22. Be3 Bxe3 23. Qxe3 1/2-1/2

[Event "42. Torneo Capablanca In Memoriam-Open"]
[Site "La Habana CUB"]
[Date "2007.05.24"]
[Round "6.9"]
[White "Alvarez Pedraza, Aramis"]
[Black "Santos, Marcus Vinicius Mor"]
[Result "1/2-1/2"]
[WhiteElo "2449"]
[BlackElo "2401"]
[PlyCount "58"]
[EventDate "2007.05.18"]
[EventType "swiss"]
[EventRounds "9"]
[EventCountry "CUB"]
[Source "lmi"]
[SourceDate "2007.05.18"]

1. e4 e5 2. Nf3 Nc6 3. Bc4 Nf6 4. d3 d5 5. exd5 Nxd5 6. O-O Bg4 7. h3 Bh5 8.
Re1 Be7 9. g4 Bg6 10. Nxe5 Nxe5 11. Rxe5 Nb6 12. Qe2 f6 13. Re3 Nxc4 14. dxc4
Kf7 15. Nc3 Bc5 16. Rf3 Re8 17. Be3 Bxe3 18. Rxe3 Rxe3 19. Qxe3 Bxc2 20. Rc1
Qd3 21. Qf4 Re8 22. Nd5 Qxh3 23. Qxc7+ Kf8 24. Qd6+ Kg8 25. Qd7 Re4 26. Qc8+
Kf7 27. Qd7+ Kg8 28. Qc8+ Kf7 29. Qd7+ Kg8 1/2-1/2

[Event "42. Torneo Capablanca In Memoriam-Open"]
[Site "La Habana CUB"]
[Date "2007.05.24"]
[Round "6.11"]
[White "Perez Mitjans, Orelvis"]
[Black "Ortiz Suarez, Isam"]
[Result "0-1"]
[WhiteElo "2433"]
[BlackElo "2387"]
[PlyCount "82"]
[EventDate "2007.05.18"]
[EventType "swiss"]
[EventRounds "9"]
[EventCountry "CUB"]
[Source "lmi"]
[SourceDate "2007.05.18"]

1. e4 c5 2. Nf3 d6 3. Bc4 Nf6 4. d3 Nc6 5. h3 e6 6. Bb3 Be7 7. c3 O-O 8. Nbd2
d5 9. O-O b5 10. Re1 a5 11. e5 Nd7 12. Nf1 a4 13. Bc2 f6 14. d4 cxd4 15. exf6
Nxf6 16. Nxd4 Nxd4 17. cxd4 a3 18. b3 Bb4 19. Bd2 Qa5 20. Re3 Bd7 21. Rg3 Bxd2
22. Nxd2 Rac8 23. Bd3 Rc3 24. Nf3 Rfc8 25. Ne5 Be8 26. Kh2 Qc7 27. Qd2 b4 28.
Re1 Nh5 29. Rf3 Qe7 30. g4 Nf6 31. Qf4 Nd7 32. g5 Nxe5 33. Rxe5 Bg6 34. Bxg6
hxg6 35. Rfe3 Qf7 36. Qg3 Rxe3 37. Qxe3 Rc2 38. Kg1 Rxa2 39. Rxe6 Rxf2 40. Re7
Rf3 41. Qe2 Qf4 0-1

[Event "42. Torneo Capablanca In Memoriam-Open"]
[Site "La Habana CUB"]
[Date "2007.05.24"]
[Round "6.12"]
[White "Gonzalez Perez, Arian"]
[Black "Espinosa, Ermes"]
[Result "1-0"]
[WhiteElo "2430"]
[BlackElo "2380"]
[PlyCount "101"]
[EventDate "2007.05.18"]
[EventType "swiss"]
[EventRounds "9"]
[EventCountry "CUB"]
[Source "lmi"]
[SourceDate "2007.05.18"]

1. e4 c5 2. Nf3 Nc6 3. d4 cxd4 4. Nxd4 Nf6 5. Nc3 e5 6. Ndb5 d6 7. Bg5 a6 8.
Na3 b5 9. Bxf6 gxf6 10. Nd5 f5 11. Bxb5 axb5 12. Nxb5 Qa5+ 13. c3 Qa4 14. Nbc7+
Kd8 15. Nxa8 Qxa8 16. Nb6 Qa6 17. Nxc8 Kxc8 18. exf5 Qc4 19. Qe2 Qxe2+ 20. Kxe2
Rg8 21. Rhg1 d5 22. b4 Rg4 23. Rgd1 d4 24. b5 Ne7 25. cxd4 Re4+ 26. Kf1 exd4
27. a4 Nd5 28. Re1 Rxe1+ 29. Rxe1 Bb4 30. Re4 Bc3 31. Ke2 Kc7 32. a5 Bxa5 33.
Rxd4 Nc3+ 34. Kd3 Nxb5 35. Rh4 Kd6 36. Rxh7 Ke7 37. f6+ Kd6 38. Rxf7 Ke6 39.
Rf8 Nd6 40. g4 Nf7 41. Ra8 Bc7 42. Ra6+ Bd6 43. f4 Kxf6 44. Ke4 Kg7 45. h4 Be7
46. g5 Kg8 47. Kf5 Bf8 48. h5 Nd6+ 49. Kg4 Nc4 50. h6 Kh7 51. Kh5 1-0

[Event "42. Torneo Capablanca In Memoriam-Open"]
[Site "La Habana CUB"]
[Date "2007.05.24"]
[Round "6.13"]
[White "Gongora Reyes, Maikel"]
[Black "Ruiz, Orlen"]
[Result "1/2-1/2"]
[WhiteElo "2422"]
[BlackElo "2321"]
[PlyCount "61"]
[EventDate "2007.05.18"]
[EventType "swiss"]
[EventRounds "9"]
[EventCountry "CUB"]
[Source "lmi"]
[SourceDate "2007.05.18"]

1. d4 d5 2. c4 c6 3. Nf3 dxc4 4. a4 Bg4 5. e4 e6 6. Bxc4 Bb4+ 7. Nc3 Qa5 8. Qb3
Bxf3 9. gxf3 Nd7 10. Rg1 g6 11. Rg5 Bxc3+ 12. bxc3 Qc7 13. Rb1 b6 14. Ba3 Ne7
15. Ke2 Nf6 16. Rbg1 Nh5 17. Re5 Nf4+ 18. Ke3 f6 19. Rxe6 Nxe6 20. Bxe6 Kf8 21.
f4 Kg7 22. c4 Rhe8 23. d5 Rad8 24. Kf3 c5 25. Bb2 Nc6 26. f5 Qxh2 27. Rg3 Qh1+
28. Ke3 Qe1+ 29. Kf3 Qh1+ 30. Ke3 Qe1+ 31. Kf3 1/2-1/2

[Event "42. Torneo Capablanca In Memoriam-Open"]
[Site "La Habana CUB"]
[Date "2007.05.24"]
[Round "6.16"]
[White "Needleman, Gaston"]
[Black "Alonso Garcia, Rene"]
[Result "1-0"]
[WhiteElo "2416"]
[BlackElo "2368"]
[PlyCount "111"]
[EventDate "2007.05.18"]
[EventType "swiss"]
[EventRounds "9"]
[EventCountry "CUB"]
[Source "lmi"]
[SourceDate "2007.05.18"]

1. e4 g6 2. d4 Bg7 3. Nf3 d6 4. Nc3 Nf6 5. Be2 O-O 6. O-O Bg4 7. Be3 Nc6 8. Nd2
Bd7 9. Nb5 a6 10. Na3 e5 11. d5 Ne7 12. c4 b6 13. b4 a5 14. bxa5 Rxa5 15. Nb5
Ne8 16. a4 f5 17. Nb3 Ra8 18. a5 bxa5 19. c5 a4 20. c6 Bc8 21. f3 Nf6 22. Nd2
f4 23. Bf2 g5 24. Rxa4 Rxa4 25. Qxa4 g4 26. Rb1 g3 27. Be1 gxh2+ 28. Kh1 Nh5
29. Qa7 Ng6 30. Nxc7 Rf7 31. Rb7 Qe7 32. Qb8 Rf8 33. Ne6 Bxe6 34. Rxe7 Rxb8 35.
Rxe6 Ng3+ 36. Bxg3 fxg3 37. Rxd6 Bf8 38. c7 Bxd6 39. cxb8=Q+ Bxb8 40. Nf1 Kf7
41. Nxg3 Ne7 42. Kxh2 Nc8 43. Kh3 Nd6 44. Kg4 Kf6 45. Kh5 Kg7 46. Nf1 Ba7 47.
Nh2 Bf2 48. Ba6 Bg3 49. Ng4 Kg8 50. Ne3 Bf2 51. Nc2 Bc5 52. Ne1 Bb6 53. Nd3 Bc7
54. Nxe5 Nxe4 55. fxe4 Bxe5 56. Kg5 1-0

[Event "42. Torneo Capablanca In Memoriam-Open"]
[Site "La Habana CUB"]
[Date "2007.05.24"]
[Round "6.18"]
[White "Cabrera Trujillo, Jorge"]
[Black "Borges Mateos, Juan"]
[Result "0-1"]
[WhiteElo "2334"]
[BlackElo "2482"]
[PlyCount "84"]
[EventDate "2007.05.18"]
[EventType "swiss"]
[EventRounds "9"]
[EventCountry "CUB"]
[Source "lmi"]
[SourceDate "2007.05.18"]

1. e4 e6 2. d4 c5 3. Nf3 cxd4 4. Nxd4 a6 5. c4 Qc7 6. a3 Nf6 7. Nc3 b6 8. Be3
Bb7 9. f3 d6 10. Rc1 Be7 11. Be2 O-O 12. O-O Nbd7 13. b4 Rac8 14. Qd2 Qb8 15.
Rfd1 Kh8 16. Nb3 Rg8 17. g3 h6 18. Na4 Bc6 19. b5 axb5 20. cxb5 Ba8 21. Rxc8
Rxc8 22. Rc1 Rxc1+ 23. Qxc1 d5 24. Nd4 Qf8 25. e5 Nxe5 26. Nxb6 Qd8 27. Nc6
Bxc6 28. bxc6 Ne8 29. f4 d4 30. fxe5 dxe3 31. Qxe3 Bxa3 32. Qxa3 Qxb6+ 33. Kf1
Qb1+ 34. Kg2 Qc2 35. Kf2 Kg8 36. Qa8 Kf8 37. Qa3+ Kg8 38. Qa8 Qc5+ 39. Kg2 Kf8
40. Bb5 Qxb5 41. c7 Qe2+ 42. Kh3 Qf1+ 0-1